000 003180000a22000970004500
100 1 _aHenige, David
245 1 0 _aDecidouos, parennial or evergreen? : The choices in the debate over Early Israel
300 _aVol. 27, Núm 4 (2003), Páginas 387-412
773 0 _tJournal for the Study of the Old Testament
942 _cANA
999 _c54964
_d54964